[Event "Manavgat Turkey Cup"]
[Site "Manavgat"]
[Date "2016.02.04"]
[Round "8"]
[White "Askar, Mizgin"]
[Black "Gumusay, Binnaz Hazal"]
[Result "1/2-1/2"]
[WhiteElo "1306"]
[BlackElo "1274"]
[PlyCount "64"]
[EventDate "2016.01.30"]
[EventType "swiss"]
[EventRounds "11"]
[EventCountry "TUR"]
[SourceTitle "CBM 170 Extra"]
[Source "ChessBase"]
[SourceDate "2016.02.25"]
[SourceVersion "1"]
[SourceVersionDate "2016.02.25"]
[SourceQuality "1"]

1. e4 e5 2. Nf3 Nc6 3. Bc4 Bc5 4. 0-0 Nf6 5. d3 h6 6. c3 a6 7. Re1 d6 8. d4 exd4 9. cxd4 Bb4 10. Bd2 Bxd2 11. Qxd2 0-0 12. e5 dxe5 13. dxe5 Qxd2 14. Nbxd2 Ne8 15. Ne4 b6 16. Bd5 Bb7 17. Nd4 Nxd4 18. Bxb7 Ra7 19. Rad1 Rxb7 20. Rxd4 c5 21. Rd8 Nc7 22. Rd7 Ra7 23. a4 Rfa8 24. Nd6 Ne6 25. Rxa7 Rxa7 26. Nc8 Rb7 27. Rd1 Nd4 28. Kf1 Kf8 29. b4 Rb8 30. bxc5 Rxc8 31. Rxd4 Rxc5 32. f4 g6 1/2-1/2

[Event "Manavgat Turkey Cup"]
[Site "Manavgat"]
[Date "2016.02.01"]
[Round "4"]
[White "Barik, Ertunc Bahadir"]
[Black "Gumusay, Binnaz Hazal"]
[Result "1-0"]
[WhiteElo "1566"]
[BlackElo "1274"]
[PlyCount "33"]
[EventDate "2016.01.30"]
[EventType "swiss"]
[EventRounds "11"]
[EventCountry "TUR"]
[SourceTitle "CBM 170 Extra"]
[Source "ChessBase"]
[SourceDate "2016.02.25"]
[SourceVersion "1"]
[SourceVersionDate "2016.02.25"]
[SourceQuality "1"]

1. c4 c5 2. Nc3 d6 3. Nf3 Nc6 4. d4 cxd4 5. Nxd4 Bd7 6. b3 Qb6 7. Ndb5 a6 8. Nd5 Qc5 9. Ba3 Nb4 10. Bxb4 Qc6 11. Nbc7+ Kd8 12. Nxa8 e6 13. Ba5+ Kc8 14. Nab6+ Kb8 15. Nxd7+ Qxd7 16. Bc7+ Ka7 17. Qd4+ 1-0

[Event "Manavgat Turkey Cup"]
[Site "Manavgat"]
[Date "2016.01.31"]
[Round "2"]
[White "Gumusay, Binnaz Hazal"]
[Black "Ozgen, Tolga"]
[Result "1/2-1/2"]
[WhiteElo "1274"]
[BlackElo "1614"]
[PlyCount "79"]
[EventDate "2016.01.30"]
[EventType "swiss"]
[EventRounds "11"]
[EventCountry "TUR"]
[SourceTitle "CBM 170 Extra"]
[Source "ChessBase"]
[SourceDate "2016.02.25"]
[SourceVersion "1"]
[SourceVersionDate "2016.02.25"]
[SourceQuality "1"]

1. e4 c5 2. d4 cxd4 3. c3 dxc3 4. Nxc3 Nc6 5. Bc4 e6 6. Nf3 d6 7. Bf4 a6 8. a4 Nf6 9. Qd2 Be7 10. h3 0-0 11. 0-0 Qc7 12. Rac1 Rd8 13. Rfd1 b6 14. Qe1 Bb7 15. Bb3 Rac8 16. Qe3 Nd7 17. Nb1 Nc5 18. Na3 Bf6 19. Nc4 e5 20. Bg5 Bxg5 21. Nxg5 Nd4 22. Ba2 h6 23. Nf3 Nce6 24. Ncxe5 Qxc1 25. Rxc1 Rxc1+ 26. Kh2 Nxf3+ 27. Nxf3 Rdc8 28. Bxe6 fxe6 29. Qxb6 Bxe4 30. Qxd6 Bxf3 31. Qxe6+ Kh8 32. gxf3 R1c6 33. Qd7 Rc2 34. Kg3 Rb8 35. Qa7 Rbxb2 36. Qxa6 Rxf2 37. Qa8+ Kh7 38. Qe4+ Kh8 39. Qe8+ Kh7 40. Qe4+ 1/2-1/2